Statistiques concernant Chansons de l'album "Iconique" - Star Academy 2022

Cliquez ici pour prendre le quiz!

Statistiques générales

  • Ce quiz a été pris 37 fois
  • Le résultat moyen est 8 sur 13

Statistiques - réponses

Track n°InterprèteRéponses% Correct
1Tous les académiciensNe partez pas sans moi
94%
7CarlaMoi... Lolita
87%
1Tous les académiciensCéline Dion
77%
3JulienImagine
77%
5PaolaLaissez-moi danser
74%
2Enola & LouisVoilà
74%
7CarlaAlizée
65%
5PaolaDalida
58%
3JulienJohn Lennon
58%
4Anisha, Léa et TianaDans un autre monde
55%
2Enola & LouisBarbara Pravi
48%
6Chris, Léa et StanislasEcris l'histoire
42%
6Chris, Léa et StanislasGrégory Lemarchal
39%

Distribution des résultats

Percentile par nombre de réponses

% des personnes avec chaque résultat

Votre développement - résultats

Vous n’avez pas pris ce quiz